WOSO Player Chain - Statistics

General Stats
  • This quiz has been taken 226 times
  • The average score is 8 of 27
Answer Stats
Hint Answer % Correct
2023 Ballon d'Or Winner Bonmati
97%
Women's World Cup 2023 Golden Glove Winner Earps
66%
Lioness who played college football at UNC Russo
59%
Swedish Defender who plays in the WSL Ilestedt
52%
Captain of the French national team Renard
51%
Sweden and Chelsea Goalkeeper Mušović
50%
German midfielder who transferred from Wolfsburg to Bayern Munich in 2024 Oberdorf
48%
WSL 23/24 Golden Boot Winner Shaw
41%
Transferred from Brighton to Man United this summer Terland
37%
Tottenham player who made her England debut in 2024 Naz
33%
Top scorer in La Liga F for the 23/24 season Graham Hansen
30%
USWNT player who plays for Chelsea Fishel
25%
Irish captain of North Carolina Courage O'Sullivan
25%
First Goalkeeper to both save and score a penalty at the Women's World Cup (2023) Naeher
24%
All-time leader for international goals scored (men or women) Sinclair
21%
Brighton & Hove Albion Captain Losada
19%
Centre back for USWNT and Bay FC, who recently transferred from San Diego Wave Dahlkemper
16%
Norwegian who has played for LSK Kvinner, Roma and Liverpool Roman Haug
16%
All time top-scorer for PSG Katoto
15%
Midfielder for Bayern Munich Zadrazil
15%
All-time Top Scorer in the NWSL Williams
14%
Leicester City Goalkeeper Leitzig
13%
The only Moroccan international in the WSL Ayane
11%
Top scorer in Division 1 Féminine 2023/24 Chawinga
8%
Belgian forward who players for Liverpool Daniels
5%
Most clean sheets in Division 1 Féminine 2023/24 Szemik
4%
Plays as a forward for Tottenham Hotspur Graham
2%
No matching quizzes found
Score Distribution
Percent of People with Each Score
Percentile by Number Answered
Your Score History
You have not taken this quiz